| 000 | 00610cam a2200217 4500 | ||
|---|---|---|---|
| 008 | 000000n2000 000 0 eng u | ||
| 020 | _a1566704065 | ||
| 035 | _a(Sirsi) u112356 | ||
| 100 | _aHonachefsky, W. | ||
| 245 | _aEcologically based land use planning | ||
| 260 |
_aBoca Raton, Fla. _bCRC Press _c2000 |
||
| 300 |
_aix,256p. _bill. _c26cm. |
||
| 350 | _a46.99 | ||
| 650 | _aECOLOGICAL CONSIDERATIONS | ||
| 650 | _aENVIRONMENTAL PROTECTION | ||
| 650 |
_aLand use _96251 |
||
| 650 | _aLAND USE PLANNING | ||
| 650 | _aLOCAL AUTHORITIES | ||
| 690 | _aPROPERTY-PROPERTY DEVELOPMENT | ||
| 942 | _n0 | ||
| 999 |
_c101412 _d101412 |
||